MARC details
| 000 -LEADER |
| campo de control de longitud fija |
01975cam a2200457 a 4500 |
| 001 - NÚMERO DE CONTROL |
| campo de control |
104028 |
| 005 - FECHA Y HORA DE LA ÚLTIMA TRANSACCIÓN |
| campo de control |
20230410132815.0 |
| 008 - DATOS DE LONGITUD FIJA--INFORMACIÓN GENERAL |
| campo de control de longitud fija |
980729s1998 njua b 001 0 eng |
| 010 ## - NÚMERO DE CONTROL DE LA BIBLIOTECA DEL CONGRESO |
| Número de control de LC |
98030705 |
| 020 ## - NÚMERO INTERNACIONAL ESTÁNDAR DEL LIBRO |
| Número Internacional Estándar del Libro |
9780691016337 (cl : alk. paper) |
| 029 1# - OTRO NÚMERO DE CONTROL DE SISTEMA (OCLC) |
| Identificador de la biblioteca OCLC |
NLGGC |
| Número de control de sistema |
182283828 |
| 029 1# - OTRO NÚMERO DE CONTROL DE SISTEMA (OCLC) |
| Identificador de la biblioteca OCLC |
YDXCP |
| Número de control de sistema |
1486566 |
| 029 1# - OTRO NÚMERO DE CONTROL DE SISTEMA (OCLC) |
| Identificador de la biblioteca OCLC |
NZ1 |
| Número de control de sistema |
4593011 |
| 029 1# - OTRO NÚMERO DE CONTROL DE SISTEMA (OCLC) |
| Identificador de la biblioteca OCLC |
AU@ |
| Número de control de sistema |
000014078176 |
| 029 1# - OTRO NÚMERO DE CONTROL DE SISTEMA (OCLC) |
| Identificador de la biblioteca OCLC |
DEBBG |
| Número de control de sistema |
BV013085517 |
| 035 ## - NÚMERO DE CONTROL DEL SISTEMA |
| Número de control de sistema |
(OCoLC)39655151 |
| 049 ## - FONDOS LOCALES (OCLC) |
| Biblioteca depositaria |
GRAL |
| 050 14 - SIGNATURA TOPOGRÁFICA DE LA BIBLIOTECA DEL CONGRESO |
| Número de clasificación |
QL 698.3 |
| Número de ítem |
A883l 1998 |
| 082 00 - NÚMERO DE LA CLASIFICACIÓN DECIMAL DEWEY |
| Número de clasificación |
598.15 |
| 100 1# - ENTRADA PRINCIPAL--NOMBRE DE PERSONA |
| Nombre de persona |
Attenborough, David, |
| Fechas asociadas al nombre |
1926- |
| 245 14 - MENCIÓN DEL TÍTULO |
| Título |
The life of birds / |
| Mención de responsabilidad, etc. |
David Attenborough. |
| 260 ## - PUBLICACIÓN, DISTRIBUCIÓN, ETC. |
| Lugar de publicación, distribución, etc. |
Princeton, NJ : |
| Nombre del editor, distribuidor, etc. |
Princeton University Press, |
| Fecha de publicación, distribución, etc. |
1998. |
| 300 ## - DESCRIPCIÓN FÍSICA |
| Extensión |
320 p. : |
| Otras características físicas |
col. ill. ; |
| Dimensiones |
26 cm. |
| 504 ## - NOTA DE BIBLIOGRAFÍA, ETC. |
| Nota de bibliografía, etc. |
Includes bibliographical references and index. |
| 505 00 - NOTA DE CONTENIDO CON FORMATO |
| Título |
To fly or not to fly -- |
| -- |
Mastery of flight -- |
| -- |
Insatiable appetite -- |
| -- |
Meat-eaters -- |
| -- |
Fishing for a living -- |
| -- |
Signals and songs -- |
| -- |
Finding partners -- |
| -- |
Demands of the egg -- |
| -- |
Problems of parenthood -- |
| -- |
Limits of endurance. |
| 520 ## - RESUMEN, ETC. |
| Sumario, etc. |
A survey of birds around the world explores their nesting, hunting, mating, and parenting behavior, and describes the threat to their existence presented by man. |
| 650 #0 - PUNTO DE ACCESO ADICIONAL DE MATERIA--TÉRMINO DE MATERIA |
| Término de materia o nombre geográfico como elemento de entrada |
Birds |
| Subdivisión general |
Behavior. |
| 650 #4 - PUNTO DE ACCESO ADICIONAL DE MATERIA--TÉRMINO DE MATERIA |
| Término de materia o nombre geográfico como elemento de entrada |
Aves |
| Subdivisión general |
Hábitos y conducta. |
| 650 #4 - PUNTO DE ACCESO ADICIONAL DE MATERIA--TÉRMINO DE MATERIA |
| Término de materia o nombre geográfico como elemento de entrada |
Aves |
| Subdivisión general |
Anatomía. |
| 650 #4 - PUNTO DE ACCESO ADICIONAL DE MATERIA--TÉRMINO DE MATERIA |
| Término de materia o nombre geográfico como elemento de entrada |
Aves. |
| 650 #4 - PUNTO DE ACCESO ADICIONAL DE MATERIA--TÉRMINO DE MATERIA |
| Término de materia o nombre geográfico como elemento de entrada |
Primera Jornada de Catalogacion |
| 776 08 - ENTRADA DE FORMULARIO FÍSICO ADICIONAL |
| Información de relación |
Online version: |
| Encabezamiento principal |
Attenborough, David, 1926- |
| Título |
Life of birds. |
| Lugar, editor y fecha de publicación |
Princeton, NJ : Princeton University Press, 1998 |
| Número de control del registro |
(OCoLC)682374258 |
| 856 41 - LOCALIZACIÓN Y ACCESO ELECTRÓNICOS |
| Materiales especificados |
Table of contents |
| Identificador Uniforme de Recursos |
<a href="http://catdir.loc.gov/catdir/toc/prin032/98030705.html">http://catdir.loc.gov/catdir/toc/prin032/98030705.html</a> |
| 856 42 - LOCALIZACIÓN Y ACCESO ELECTRÓNICOS |
| Materiales especificados |
Publisher description |
| Identificador Uniforme de Recursos |
<a href="http://catdir.loc.gov/catdir/description/prin021/98030705.html">http://catdir.loc.gov/catdir/description/prin021/98030705.html</a> |
| 938 ## - |
| -- |
Baker & Taylor |
| -- |
BKTY |
| -- |
35.00 |
| -- |
26.25 |
| -- |
069101633X |
| -- |
0003161641 |
| -- |
active |
| 938 ## - |
| -- |
Baker and Taylor |
| -- |
BTCP |
| -- |
98030705 |
| 938 ## - |
| -- |
YBP Library Services |
| -- |
YANK |
| -- |
1486566 |
| 942 ## - ELEMENTOS DE ENTRADA SECUNDARIOS (KOHA) |
| Fuente del sistema de clasificación o colocación |
Clasificación de Library of Congress |
| Tipo de ítem Koha |
|
| 994 ## - |
| -- |
C0 |
| -- |
DRFGD |
| 946 ## - PROCESAMIENTO DE INFORMACIÓN LOCAL (OCLC) |
| a |
JPR |